000 00272nam a22001217a 4500
008 181030b xxu||||| |||| 00| 0 eng d
041 _aeng
080 _24 ed
_a336.2
100 _a55
101 _aTAK
245 _aReal Estate Transaction
_cLefcoe.G
942 _2udc
_cBK
999 _c51158
_d51158